000 00758nam a2200241 a 4500
999 _c9470
_d9470
001 9470
003 BD-JhCC
005 20210926134021.0
008 190614s2014 bg a|||| |||| 000 0 ben d
020 _a9847015200503
035 _a(BD-JhCC)9470
040 _aBD-JhCC
_dBD-JhCC
041 _aben
082 _a501
_bROY 2014
100 _aরায়, ভবেশ
245 _aবিজ্ঞানের শত আবিস্কারের কথা /
_bভবেশ রায়
260 _aঢাকা :
_bঅনুপম প্রকাশনী ,
_c২০১৪.
300 _a১৯৯ পৃ. :
_bচিত্রবলী;
_c২১ সেমি.
650 _aScience
650 _aDiscoveries
942 _2ddc
_cBK
_07